000 00568nam a2200193 i 4500
001 113865
003 ES-MaACL
005 20251007171216.0
007 t|
008 061121s1953 sp af |||| | spa d
080 _a7(09)(075.3)
100 1 _aPáez, Rafael.
_988229
245 1 0 _aDoce lecciones de Historia del Arte /
_cRafael Páez ; prólogo de Fernando González.
260 _aValladolid :
_bMiñón,
_c1953.
300 _aVIII, 480 p., 60 lám. :
_bil. ;
_c22 cm.
710 1 _a
_9242330
852 _aES-MaACL
_jC-6418
999 _c113865
_d113865